00217nam a2200085Ia 450000100070000000500170000700800410002424500400006526000260010570951220250826162548.0250824s9999 xx 000 0 und d 0aÜÇ UÇAN ÇOCUKcAYTÜL AKAL bUÇANBALIK YAYINLARI